| 000 | 00000nam##2200000za#4500 |
| 001 | 9.542877 |
| 003 | CaOODSP |
| 005 | 20240612102437 |
| 007 | ta |
| 008 | 150406|2006||||xxc||||| f|0| 0 fre|d |
| 040 | |aCaOODSP|bfre |
| 041 | |aeng |
| 041 | |afre |
| 043 | |an-cn--- |
| 086 | 1 |aRv55-5/10-14-38-2006 |
| 110 | 2 |aAgence des services frontaliers du Canada. |
| 245 | 10|aClassement tarifaire des meubles importés à l'état démonté |
| 260 | |aOttawa - Ontario : |bAgence des services frontaliers du Canada |
| 300 | |aTexte français, 2p. : |bréférences ; |c28 cm. |
| 490 | 1 |aMémorandums D des douanes. D10, classification tarifaire/marchandises |vD10-14-38, le 23 mars 2006 |
| 563 | |aPolycopié |
| 776 | 0#|tTariff classification of furniture imported in disassembled condition |w(CaOODSP)9.579181 |
| 776 | 0#|tClassement tarifaire des meubles importés à l'état démonté |w(CaOODSP)9.606755 |
| 791 | |tTariff classification of furniture imported in disassembled condition |eeng|w(CaOODSP)9.542876 |
| 830 | #0|aMémorandums D des douanes. D10, classification tarifaire/marchandises ;|vD10-14-38, le 23 mars 2006|w(CaOODSP)9.510861 |